| 000 | 01132nam2a2200265 4500 | ||
|---|---|---|---|
| 001 | RU\NLR\bibl\1975462 | ||
| 005 | 20250616210441.0 | ||
| 010 |
_a978-5-89503-505-4 _9200 |
||
| 021 |
_aRU _b2012-88766 _96563 |
||
| 035 | _a(NLR Aleph) 001964239 | ||
| 090 |
_a3867501 _c3867501 |
||
| 100 | _a20121205d2012 |||y0rusy50 ca | ||
| 101 | 0 | _arus | |
| 102 | _aRU | ||
| 105 | _aa ||||||||| | ||
| 200 | 0 |
_aЧ. 2 _eдля бакалавров информатики |
|
| 210 |
_d2012 _aБ. м. |
||
| 215 |
_a226, [4] с. _cил. |
||
| 320 | _aБиблиогр. в конце кн. (5 назв.) | ||
| 461 | 0 |
_1001RU\NLR\bibl\1355096 _12001#$aАлгебра и геометрия$vЧ. 2 _9855577 _aРосошек, С. К. _cТомск _d2008 _fМ-во образования и науки РФ, Федер. агентство по образованию, Том. гос. ун-т _nИзд-во научно-технической литературы _oучебное пособие _tАлгебра и геометрия _vЧ. 2 |
|
| 801 | 0 |
_aRU _bNLR _c20121205 _gRCR |
|
| 801 | 1 |
_aRU _bNLR _c20121205 |
|
| 942 | _cBOOK | ||
| 980 | _aNB | ||